日本資本主義発達史

Gardado en:
Detalles Bibliográficos
Autor Principal: 楫西光速(かじにし みつはや)
Formato: Libro
Idioma:Undetermined
Publicado: 東京 東洋経済新報社 1958
Những chủ đề:
Các nhãn: Engadir etiqueta
Sen Etiquetas, Sexa o primeiro en etiquetar este rexistro!
Thư viện lưu trữ: Trung tâm Học liệu Trường Đại học Cần Thơ
LEADER 00544nam a2200193Ia 4500
001 CTU_86547
008 210402s9999 xx 000 0 und d
082 |a 330.952 
082 |b K13 
100 |a 楫西光速(かじにし みつはや) 
245 0 |a 日本資本主義発達史 
245 0 |c 楫西光速 
260 |a 東京 
260 |b 東洋経済新報社 
260 |c 1958 
650 |a Economic Conditions,Japanese economy 
650 |z Japan 
904 |i Ngoc 
980 |a Trung tâm Học liệu Trường Đại học Cần Thơ